Szczegóły MARC21

W sprawie przełomu pozytywistycznego : spory krytyczne wokół "Zarysu literatury polskiej z ostatnich lat szesnastu" Piotra Chmielowskiego /

003 -Nazwa inst., której nr kontr. jest w polu 001 [,]
    • @
    • Nazwa instytucji, której n kontrolny jest w polu 001
    • NUKAT
005 -DATA I CZAS OSTATNIEJ MODYFIKACJI [,]
    • @
    • pole kontrolne
    • 20241231111238.0
020 -Międzynarod. znormalizowany nr książki - ISBN [ , ]
    • a
    • Numer ISBN
    • 9788376543659 Find
040 -Instytucja sporządzająca opis [ , ]
    • a
    • Instytucja, która sporządziła opis (NP)
    • WR U/AO
    • c
    • Instytucja, która sporządziła rekord (NP)
    • WR U/AO
    • d
    • Instytucja, która zmodyfikowała rekord (P)
    • WR U/AOs
    • d
    • Instytucja, która zmodyfikowała rekord (P)
    • WR U/EG
    • d
    • Instytucja, która zmodyfikowała rekord (P)
    • POZN U/JŁs
    • d
    • Instytucja, która zmodyfikowała rekord (P)
    • POZN U/KK
942 -Rodzaj dokumentu [ , ]
    • c
    • Rodzaj dokumentu
    • Książka
100 -Hasło główne - nazwa osobowa [1, ]
    • a
    • Nazwa osobowa (NP)
    • Budrewicz, Tadeusz
    • d
    • Daty biograficzne (NP)
    • (1951- ).
    • 9
    • KHW
    • 20486
245 -Strefa tytułu i oznaczenia odpowiedzialności [1,0]
    • a
    • Tytuł
    • W sprawie przełomu pozytywistycznego : Find
    • b
    • Ciąg dalszy tytułu (NP)
    • spory krytyczne wokół "Zarysu literatury polskiej z ostatnich lat szesnastu" Piotra Chmielowskiego / Find
    • c
    • Pozostałe elementy strefy tytułu i oznaczenia odpowiedzialności (NP)
    • Tadeusz Budrewicz, Tomasz Sobieraj ; Poznańskie Towarzystwo Przyjaciół Nauk. Wydział Filologiczno-Filozoficzny. Komisja Filologiczna.
246 -Wariant tytułu [1,5]
    • a
    • Tytuł (NP)
    • About the positivism breakthrough :
    • b
    • Ciąg dalszy tytułu (NP)
    • critical disputes over Piotr Chmielowski's "Zarys literatury polskiej z ostatnich lat szesnastu"
260 -Strefa adresu wydawniczego [ , ]
    • a
    • Miejsce wydania (P)
    • Poznań :
    • b
    • Nazwa wydawcy (P)
    • Wydawnictwo Poznańskiego Towarzystwa Przyjaciół Nauk,
    • c
    • Data wydania (P)
    • 2015.
300 -Strefa opisu fizycznego [ , ]
    • a
    • Określenie formy książki i/lub objętość (NP)
    • 256, [1] s. ;
    • c
    • Format (NP)
    • 20 cm.
336 -Typ zawartości [ , ]
    • a
    • Termin opisujący typ zawartości
    • Tekst
    • b
    • Kod określający zawartość
    • txt
    • 2
    • Źródło (terminu i kodu)
    • rdacontent
337 -Typ mediów [ , ]
    • a
    • Tryb odtwarzania
    • Bez urządzenia pośredniczącego
    • b
    • Kod typu mediów
    • n
    • 2
    • Źródło (terminu i kodu)
    • rdamedia
338 -Typ/rodzaj nośnika [ , ]
    • a
    • Hasło opisujące typ nośnika
    • Wolumin
    • b
    • Kod typu nośnika
    • nc
    • 2
    • Źródło (terminu i kodu)
    • rdacarrier
490 -Strefa serii i książki wielotomowej - forma nie do wyszukiwania [1, ]
    • a
    • Tytuł (P)
    • Polemika Krytycznoliteracka w Polsce = Find
    • a
    • Tytuł (P)
    • Critical Literary Argument in Poland , Find
    • x
    • ISSN (NP)
    • 2081-5999 ;
    • v
    • Numeracja (P)
    • t. 5
830 -Hasło dodatkowe serii i opisu książki wielotomowej - tytuł ujednolicony/tytuł [ ,0]
    • a
    • Tytuł ujednolicony/tytuł (NP)
    • Polemika Krytycznoliteracka w Polsce
    • x
    • ISSN
    • 2081-5999
    • v
    • Oznaczenie tomu (NP)
    • t. 5
    • 9
    • KHW
    • 1249
504 -Uwaga dot. bibliogr. załącznikowej [ , ]
    • a
    • Uwaga dot. bibliografii załącznikowej
    • Bibliogr. s. 49-50.
600 -Hasło przedmiotowe w formie nazwy osobowej [1,7]
    • a
    • Nazwa osobowa
    • Chmielowski, Piotr
    • d
    • Daty związane z nazwą
    • (1848-1904).
    • t
    • Tytuł
    • Zarys literatury polskiej z ostatnich lat szesnastu
    • 2
    • Źródło terminu
    • kaba
    • 9
    • KHW
    • 339504
650 -Hasło przedmiotowe [ ,7]
    • a
    • Hasło przedmiotowe
    • Krytyka
    • z
    • Określnik geograficzny
    • Polska
    • y
    • Określnik chronologiczny
    • 1870-1914.
    • 2
    • Źródło terminu
    • kaba
    • 9
    • KHW
    • 351721
650 -Hasło przedmiotowe [ ,7]
    • a
    • Hasło przedmiotowe
    • Spory literackie
    • z
    • Określnik geograficzny
    • Polska
    • y
    • Określnik chronologiczny
    • 1870-1914.
    • 2
    • Źródło terminu
    • kaba
    • 9
    • KHW
    • 418933
700 -Hasło dodatkowe - nazwa osobowa [1, ]
    • a
    • Nazwa osobowa (NP)
    • Sobieraj, Tomasz Find
    • d
    • Daty biograficzne (NP)
    • (1970- ).
    • 9
    • KHW
    • 418857
710 -Hasło dodatkowe - nazwa ciała zbiorowego [2, ]
    • a
    • Nazwa ciała zbiorowego lub nazwa geograficzna jako pierwszy element (NP)
    • Poznańskie Towarzystwo Przyjaciół Nauk.
    • b
    • Nazwa jednostki podrzędnej (P)
    • Wydawnictwo.
    • 4
    • Kod relacji
    • pbl
    • 9
    • KHW
    • 61250
710 -Hasło dodatkowe - nazwa ciała zbiorowego [2, ]
    • a
    • Nazwa ciała zbiorowego lub nazwa geograficzna jako pierwszy element (NP)
    • Poznańskie Towarzystwo Przyjaciół Nauk.
    • b
    • Nazwa jednostki podrzędnej (P)
    • Wydział Filologiczno-Filozoficzny.
    • 9
    • KHW
    • 43958
710 -Hasło dodatkowe - nazwa ciała zbiorowego [2, ]
    • a
    • Nazwa ciała zbiorowego lub nazwa geograficzna jako pierwszy element (NP)
    • Poznańskie Towarzystwo Przyjaciół Nauk.
    • b
    • Nazwa jednostki podrzędnej (P)
    • Komisja Filologiczna.
    • 9
    • KHW
    • 418856
920 -ISBN [ , ]
    • a
    • ISBN
    • 978-83-7654-365-9 Find
Numer inwentarzowy Status udost. Lokalizacja Data inwentaryzacji
P.258461BM2017-06-22